Country To Flag - Multiple Choice - Statistics

General Stats
  • This quiz has been taken 56 times
  • The average score is 12 of 15
Answer Stats
Question Answer % Correct
Brazil
100%
China
100%
France
100%
Kenya
100%
Australia
100%
Malaysia
100%
Italy
83%
United Arab Emirates
67%
Iran
67%
Trinidad & Tobago
67%
Iceland
67%
Malawi
67%
Costa Rica
67%
Benin
67%
Poland
50%
No matching quizzes found
Score Distribution
Percent of People with Each Score
Percentile by Number Answered
Your Score History
You have not taken this quiz